000 00775nam a22002417a 4500
003 OSt
005 20190619084946.0
008 180302b xxu||||| |||| 00| 0 spa d
020 _a9505740859
040 _cPJ
100 _9271
_aGozaíni, Osvaldo Alfredo
245 1 0 _aRespuestas procesales /
_cOsvaldo Alfredo Gozaini.
260 _aBuenos Aires :
_bEDIAR,
_c1991.
300 _a339 p.
_c23 cm.
500 _aNotas y citas bibliográficas a pie de página.
650 0 _9267
_aDERECHO PROCESAL
650 0 _91953
_aPROCEDIMIENTO CIVIL
650 0 _91955
_aRECURSOS
650 0 _92020
_aPROCESOS DE EJECUCIÓN
650 0 _92021
_aJUICIO EJECUTIVO
650 0 _92046
_aRECURSO ORDINARIO DE APELACIÓN ANTE LA CORTE SUPREMA
942 _2udc
_cLIB
_h342.955
_iREC
999 _c3197
_d3197